000 00448nam a2200181Ia 4500
001 16504
005 20260306170314.0
008 260306t2007||||xx |||||||||||||| ||und||
041 _aESP
082 _a348.6
_bO648 2007
100 _aOficina Internacional del Trabajo
_eAUT
245 0 _aPanorama laboral 2007:
_bAmérica Latina y el Caribe
260 _c2007
300 _a
_c
650 _aGEN
654 _aCDE
942 _cLIB
_dJUS
_fJUS
_2ddc
_n
999 _c16504
_d16504